LEADER 01539nam--2200457---450- 001 990002715830203316 005 20090115114435.0 010 $a88-464-6966-6 035 $a000271583 035 $aUSA01000271583 035 $a(ALEPH)000271583USA01 035 $a000271583 100 $a20060302d1993----km-y0itay0103----ba 101 $aita 102 $aIT 105 $a||||||||001yy 200 1 $a<> mercato del lavoro in Italia$eosservatorio HRC 2005-2006$eanalisi e previsioni di HR director e head hunter delle aziende più prestigiose$fa cura di Giordano Fatali e Franco Di Dio Magrì 210 $aMilano$cFranco Angeli$d1993 215 $a214 p.$d23 cm 225 2 $aHR community$iEsperienze dal mondo HR e dintorni$v1 410 0$12001$aHR community$iEsperienze dal mondo HR e dintorni$v1 606 0 $aOccupazione$yItalia$z2005-2006 676 $a331 702 1$aFATALI,$bGiordano 702 1$aDI DIO MAGRI',$bFranco 801 0$aIT$bsalbc$gISBD 912 $a990002715830203316 951 $a331 MER 1 (IEP VIII 1655)$b14213 E.C.$cIEP VIII$d00177198 951 $a300 331.120945 FAT$b12801 DISES 959 $aBK 969 $aECO 969 $aDISES 979 $aRENATO$b90$c20060302$lUSA01$h1243 979 $aPATRY$b90$c20060623$lUSA01$h1602 979 $aRSIAV1$b90$c20090115$lUSA01$h1144 979 $c20121027$lUSA01$h1552 979 $c20121027$lUSA01$h1602 979 $c20121027$lUSA01$h1611 996 $aMercato del lavoro in Italia$959251 997 $aUNISA DEB $aUSA16706 LEADER 01222nam--2200361---450- 001 990005996230203316 005 20150115104047.0 010 $a978-88-7075-815-3 035 $a000599623 035 $aUSA01000599623 035 $a(ALEPH)000599623USA01 035 $a000599623 100 $a20150115d2014----km-y0itay50------ba 101 0 $aita 102 $aIT 105 $aa---||||001yy 200 1 $aCome si fa l'editore$ecompetenze economiche, fiscali e contrattuali per orientarsi tra carta e Web$fMarco Fioretti$gcon [la collaborazione degli allievi de] il Master: Professione editoria cartacea e digitale, Università cattolica del Sacro Cuore, Milano 210 $aMilano$cBibliografica$d2014 215 $a253 p.$cill.$d20 cm 225 2 $a<> mestieri del libro 410 0$12001$a<> mestieri del libro 606 0 $aEditoria 676 $a070.5 700 1$aFIORETTI,$bMarco$0480914 801 0$aIT$bsalbc$gISBD 912 $a990005996230203316 951 $aI.2.A. 223$b248114 L.M.$cI.2.A.$d357560 959 $aBK 969 $aUMA 979 $aPASSARO$b90$c20150115$lUSA01$h1038 979 $aPASSARO$b90$c20150115$lUSA01$h1040 996 $aCome si fa l'editore$9255729 997 $aUNISA